00443nam a22001577a 450000500170000001000150001702000260003203500140005803700130007208200130008510000180009824500560011626000410017227000500021330000220026320170517121839.0 aENG-118203 a9789384275327c995.00 aEN-101735 bDBAD/PUB a401.0954 aDeswal, Jyoti a Linguistics in north east india/cby Jyoti Deswal aIndiabNE BOOKS AND PUBLISHERSc2017 aNational Highway Silchar- 788005 Assam, India a200p.c24cm. (Hb)